Responses for Show #7116 - Monday, July 20, 2015

Scott Lord game 1.

Contestants

[<< previous game]

Mary Ciconte, an executive administrator from Lombard, Illinois

Scott Lord, a construction attorney from Santa Monica, California

Jennifer Morrow, an editorial assistant from New York, New York (whose 2-day cash winnings total $37,000)

[next game >>]

Jeopardy! Round responses

4-SYLLABLE WORDS
AMERICAN LIT
SPORTS & SONG
"R"IVERS
YOUR NUMBER IS UP
HELP ME, DR. SPOCK!
(Alex: Quotes from Baby and Child Care by the celebrated doctor.)
    $200 16
a kaleidoscope

Jennifer
    $200 5
In Cold Blood

Jennifer
    $200 9
(Mary: What is "Casey at the Bat"?)
[Jennifer sings her response.]

"Take Me Out To The Ball Game"

JenniferMary
    $200 6
(Scott: What is Rio Grande?)

the Red River

JenniferScott
    $200 21
48

Scott
    $200 7
a tooth

Jennifer
    $400 17
harmonica

Mary
    $400 4
Flicka

Jennifer
    $400 10
(Mary: What is"Bohemian Rhapsody"?)

"We Are The Champions"

JenniferMary
    $400 13
(Alex: Yes, we would have accepted "binky" and "a jigger of rum".)
(Scott: Good to know.)
[Laughter]

a pacifer

Scott
    $600 18
arbitration

Jennifer
    $600 3
The Great Gatsby

Mary
    $600 14
(Alex: Yep, "and all the kids would look up to me".)

a Zamboni

Jennifer
    $600 25
Rock River

Mary
    $600 28
[The end-of-round signal sounds.]

your six

Scott
    $600 11
the umbilical cord

Scott
    $1,500 19
Sub-Saharan

Jennifer
    $800 1
Confederate Widow

Jennifer
    $800 15
"Sweet Caroline"

Mary
    $800 24
the Rhône

Scott
    $800 27
a four-in-hand

Scott
    $800 8
the stork

Jennifer
    $1000 20
persecution

Triple Stumper
    $1000 2
The Sun Also Rises

Triple Stumper
    $1000 22
(Alex: That is right, with less than a minute to go now.)

"The Party's Over"

Scott
    $1000 23
Richelieu

Scott
    $1000 26
109

Mary
    $1000 12
tetanus

Scott

Scores at the first commercial break (after clue 15):

Jennifer Scott Mary
$3,800 $1,800 $800

Scores at the end of the Jeopardy! Round:

Jennifer Scott Mary
$6,100 $6,200 $2,800

Double Jeopardy! Round responses

THE WAY OF THE DODO
"NOM"
ACTRESSES' EMMYS
WHAT HAVE I DONE?
THE BILL OF RIGHTS
AT THE MONASTERY
(Jimmy: Understanding the quieter way of life among the Trappists.)
    $400 27
fly

Scott
    $400 28
Deuteronomy

Jennifer
    $400 8
Celsius

Jennifer
    $400 1
a militia

Scott
    $400 24
(Alex: [*] is right. Less than a minute now.)

a vow

Jennifer
    $800 17
Alice in Wonderland

Scott
    $800 10
autonomous

Mary
    $800 29
[The end-of-round signal sounds.]

Orange Is the New Black

Jennifer
    $800 25
Mubarak

Jennifer
    $800 5
$20

Scott
    $800 26
a cell

Jennifer
    $1200 15
Oxford

Mary
    $1200 9
an anomaly

Triple Stumper
    $1200 6
Felicity Huffman

Triple Stumper
    $1200 22
(Scott: Who is Jane...)

Jane Pauley

Scott
Triple Stumper
    $6,600 2
a warrant

Scott
    $1200 18
Zen Buddhism

Jennifer
    $1600 14
Portuguese

Jennifer
    $1600 11
ergonomics

Mary
    $1600 7
Justified

Triple Stumper
    $1600 21
(James) Barrie

Scott
    $1600 4
quartered

Mary
    $4,000 19
(Jennifer: Who is St. Francis? No.)

St. Benedict

Jennifer
    $2000 16
Mauritius

Jennifer
    $2000 12
melanoma

Scott
    $2000 13
Halle Berry

Jennifer
    $2000 20
(Scott: Who is Princeps?)

(Gavrilo) Princip

JenniferScott
    $2000 3
bail

Scott
    $2000 23
Thomas Merton

Triple Stumper

Scores at the end of the Double Jeopardy! Round:

Jennifer Scott Mary
$14,500 $17,600 $8,000

[wagering suggestions for these scores]

Final Jeopardy! Round responses

POETRY
(Alex: [To Scott] "Who is [*]?" Who wrote the poem The Waste Land).
MaryWho is Whitman?
$8,000
JenniferWho is Whitman?
$2,000
ScottWho is Eliot
$11,401
T.S. Eliot

Final scores:

Jennifer Scott Mary
$12,500 $29,001 $0
2nd place: $2,000 New champion: $29,001 3rd place: $1,000

Game dynamics:

Coryat scores:

Jennifer Scott Mary
$17,800 $12,200 $8,000
23 R
(including 1 DD),
1 W
(including 1 DD)
17 R
(including 1 DD),
3 W
9 R,
2 W

Combined Coryat: $38,000

[game clues] [game scores] [suggest correction]

Game tape date: Unknown
The J! Archive is created by fans, for fans. Scraping, republication, monetization, and malicious use prohibited; this site may use cookies and collect identifying information. See terms. The Jeopardy! game show and all elements thereof, including but not limited to copyright and trademark thereto, are the property of Jeopardy Productions, Inc. and are protected under law. This website is not affiliated with, sponsored by, or operated by Jeopardy Productions, Inc. Join the discussion at JBoard.tv.